Norwich City FC 2018/2019 Promotion Squad - Statistics

General Stats
  • This quiz has been taken 227 times
  • The average score is 19 of 26
Answer Stats
Squad Number Position Answer % Correct
22 FW Pukki
96%
37 DF Aarons
95%
1 GK Krul
95%
12 DF Lewis
88%
31 DF Hanley
87%
17 FW Buendia
86%
25 FW Hernandez
86%
6 DF Zimmermann
85%
4 DF Godfrey
84%
36 MF Cantwell
83%
15 DF Klose
83%
33 GK McGovern
83%
18 MF Stiepermann
77%
27 MF Tettey
77%
8 MF Vrancic
77%
23 MF McLean
76%
10 MF Leitner
73%
19 MF Trybull
69%
11 FW Rhodes
68%
2 DF Pinto
64%
32 FW Srbeny
59%
38 GK Oxborough
51%
28 DF Heise
44%
34 MF Thompson
41%
24 DF Passlack
32%
30 FW Morris
28%
No matching quizzes found
Score Distribution
Percent of People with Each Score
Percentile by Number Answered
Your Score History
You have not taken this quiz